1626 1166 1164 1903 1958 1107 1515 1000 1264 1705 1043 1218 1299 1780 2000 1017 1896 1689 1835 1213 1958 1332 1174 1735 1121 1012 1784 1399 1546 1065 1357 1171 1268 1314 1452 1894 1848 1883 1558 1461 1056 1846 1704 1923 1423 1795 1072 1033 1827 1442 1875 1689 1563 1746 1188 1802 1680 1085 1892 1633 1997 1093 1394 1409 1475 1499 1188 1073 1759 1872 1024 1192 1320 1087 1286 1525 1147 1352 1746 1762 1612 1571 1449 1551 1462 1154 1095 1191 1625 1627 1999 1194 1770 1688 1307 1736 1711 1720 1950 BCNSPRNW ULIB Ver.6.0+V

เปลี่ยนเป็นภาษาไทย

Change to English
 แสดงรายละเอียดบรรณานุกรม
  กลับหน้าหลัก

Brief Record : Get Marc (ISO 2709) : E-mail record : QR code < ปิดหน้าต่าง
LEADER : 00000nam 2200000uu 4500
001    13399108231
003     ULIB
008    110222s2552||||th 000 0 tha d
020    9789741111909
060 04 WS100^bก721 2552 ล.1
245 00 กุมารเวชศาสตร์ สำหรับนักศึกษาแพทย์ เล่มที่ 1 /^cบรรณาธิการ, เปรมฤดี ภูมิถาวร ... [และคนอื่น ๆ]
250    พิมพ์ครั้งที่ 1
260    กรุงเทพฯ :^bภาควิชากุมารเวชศาสตร์คณะแพทยศาสตร์โรงพยาบาลรามาธิบดี มหาวิทยาลัยมหิดล,^c2552
300    [13] ; 437 หน้า :^bภาพประกอบ ;^c27 ซม.
650  2 Disease^xin infancy & childhood
650  2 Pediatrics
650  7 กุมารเวชศาสตร์
650  7 โรคเด็ก
650  7 ผู้ป่วย^xโรคเด็ก
700 0  เปรมฤดี ภูมิถาวร,^eบรรณาธิการ
700 0  สุวัฒนื เบญจพลพิทักษ์,^eบรรณาธิการ
700 0  กาญจนา ตั้งนรารัชชกิจ,^eบรรณาธิการ
700 0  สุเทพ วาณิชย์กุล,^eบรรณาธิการ
700 0  สุรางค์ เจียมจรรยา,^eบรรณาธิการ
710 2  มหาวิทยาลัยมหิดล. ^bคณะแพทยศาสตร์โรงพยาบาลรามาธิบดี.^bภาควิชากุมารเวชศาสตร์
945    ^p500^l0^i029617
945    ^p500^l0^i029616
945    ^p500^l0^i029615
945    ^p500^l0^i029614
945    ^p500^l0^i029612
945    ^p500^l0^i029611
945    ^p500^l0^i029610
945    ^p500^l0^i029608
945    ^p500^l0^i029613
945    ^p500^l0^i029609
995    เกษร
999 ^a ใช้งานได้ทุกระบบ
รายการนี้ยังไม่มีแท็ก
คุณยังไม่ได้ล็อกอิน คุณสามารถมีกิจกรรมร่วมกับเว็บไซต์ได้ แต่ต้องล็อกอินก่อน ::
  ล็อกอิน

รายการสื่อสารสนเทศ

ลำดับที่ ประเภท เลขเรียก/บาร์โค้ด สถานที่ สถานะ
- ไม่พบข้อมูล -

รายการใกล้เคียง
    หัวเรื่อง [Pediatrics]
    หัวเรื่อง [กุมารเวชศาสตร์]
    หัวเรื่อง [โรคเด็ก]

BibComment


ยังไม่เคยถูกคอมเมนท์

คอมเมนท์ทรัพยากรรายการนี้
  คอมเมนท์: กุมารเวชศาสตร์ สำ..


 Copyright 2026. Bcnsprnw @Library